000 00300nam a22001337a 4500
003 OSt
005 20231128162341.0
008 231128b |||||||| |||| 00| 0 eng d
040 _cCO-JMCR
082 _aN /
_bCIXe
100 _aCixin, Liu,
_943010
245 _aLa esfera luminosa /
942 _2ddc
_cBK
999 _c30432
_d16816